Statistics for English Premier League Teams Quiz

Click here to take the quiz!

General Stats

  • This quiz has been taken 49 times
  • The average score is 17 of 20

Answer Stats

Answer% Correct
Arsenal FC
100%
Liverpool FC
100%
Manchester City FC
100%
Manchester United FC
100%
Tottenham Hotspur FC
100%
Chelsea FC
98%
Wolverhampton Wanderers FC
90%
Newcastle United FC
85%
Southampton FC
85%
Aston Villa FC
83%
Brighton & Hove Albion FC
83%
Everton FC
83%
Leicester City FC
83%
Leeds United FC
80%
West Ham United FC
80%
Watford FC
78%
Burnley FC
73%
Crystal Palace FC
71%
Norwich City FC
68%
Brentford FC
59%

Score Distribution

Percentile by Number Answered

Percent of People with Each Score

Your Score History

You have not taken this quiz